[Event "FICS rated standard game"]
[Site "FICS freechess.org"]
[Date "2018.01.08"]
[Round "?"]
[White "danme"]
[Black "Cantabrico"]
[Result "1-0"]
[WhiteElo "1416"]
[BlackElo "1380"]
[PlyCount "83"]
[EventDate "2018.??.??"]

1. e4 e5 2. Nf3 Nc6 3. c3 Nf6 4. Be2 Bc5 5. Bd3 a6 6. Bc4 d6 7. Bd5 Bd7 8. b4
Ba7 9. a4 O-O 10. Bb2 Bg4 11. Qc2 Bxf3 12. gxf3 Nxd5 13. exd5 Ne7 14. c4 c6 15.
h4 cxd5 16. d3 Rc8 17. Nd2 dxc4 18. dxc4 Nc6 19. h5 Nxb4 20. Qb1 h6 21. Rg1 f6
22. f4 exf4 23. Rg6 Qe7+ 24. Ne4 Rxc4 25. f3 d5 26. Bxf6 Rxf6 27. Qd1 Rxg6 28.
hxg6 dxe4 29. Rc1 Rxc1 30. Qxc1 exf3+ 31. Kf1 Qe8 32. Qc4+ Kh8 33. Qxb4 Qxg6
34. Ke1 Qg3+ 35. Kd2 Be3+ 36. Kd3 Qg6+ 37. Kc3 Qg2 38. Qxb7 Qd2+ 39. Kb3 Qd1+
40. Kc4 Qc2+ 41. Kd5 Qe4+ 42. Kxe4 {Black resigns} 1-0

[Event "FICS rated standard game"]
[Site "FICS freechess.org"]
[Date "2018.01.08"]
[Round "?"]
[White "Benkh"]
[Black "malachifnord"]
[Result "0-1"]
[WhiteElo "1278"]
[BlackElo "1429"]
[PlyCount "52"]
[EventDate "2018.??.??"]

1. e4 e5 2. Nf3 Nc6 3. c3 Nf6 4. d3 Bc5 5. b4 Bb6 6. a4 d5 7. b5 O-O 8. bxc6
bxc6 9. Nxe5 dxe4 10. Nxc6 Qe8 11. d4 Qxc6 12. Nd2 Bb7 13. f3 exf3 14. Nxf3
Rfe8+ 15. Be2 Rad8 16. Bb2 Nd5 17. Qd2 Ne3 18. Kf2 Ng4+ 19. Ke1 Qe6 20. a5 Bxf3
21. gxf3 Ne3 22. axb6 axb6 23. Kf2 Nc4 24. Qc2 Qe3+ 25. Kf1 Nd2+ 26. Ke1 Qxe2#
{White checkmated} 0-1

[Event "FICS rated blitz game"]
[Site "FICS freechess.org"]
[Date "2018.01.08"]
[Round "?"]
[White "sunrhades"]
[Black "PokerGuy"]
[Result "1-0"]
[WhiteElo "1719"]
[BlackElo "1654"]
[PlyCount "36"]
[EventDate "2018.??.??"]
[EventType "blitz"]

1. e4 e5 2. Nf3 Nc6 3. c3 Qf6 4. d4 exd4 5. cxd4 d6 6. Bb5 Bd7 7. Nc3 Nge7 8.
Bg5 Qg6 9. O-O O-O-O 10. Qa4 Kb8 11. Rac1 f6 12. Bf4 Bg4 13. Nd2 h5 14. f3 Bd7
15. d5 Ne5 16. Bxe5 Bxb5 17. Nxb5 a6 18. Nxc7 fxe5 {Black resigns} 1-0

[Event "FICS rated standard game"]
[Site "FICS freechess.org"]
[Date "2018.01.08"]
[Round "?"]
[White "CarveItUp"]
[Black "MonteDeFerro"]
[Result "1-0"]
[WhiteElo "1773"]
[BlackElo "1776"]
[PlyCount "47"]
[EventDate "2018.??.??"]

1. e4 e5 2. Nf3 Nc6 3. c3 Nf6 4. Qc2 Bc5 5. b4 Bb6 6. b5 Na5 7. d4 exd4 8. cxd4
Qe7 9. Nc3 O-O 10. Be3 Ng4 11. h3 Nxe3 12. fxe3 d6 13. Bd3 g6 14. O-O Be6 15.
e5 Bc4 16. Rfe1 d5 17. Bxc4 dxc4 18. Nd5 Qd7 19. Nf6+ Kg7 20. Nxd7 Rfd8 21.
Nxb6 axb6 22. Qe4 Re8 23. Rf1 f5 24. exf6+ {Black resigns} 1-0

[Event "FICS rated lightning game"]
[Site "FICS freechess.org"]
[Date "2018.01.08"]
[Round "?"]
[White "kungzeb"]
[Black "rossoscuro"]
[Result "0-1"]
[WhiteElo "1839"]
[BlackElo "1959"]
[PlyCount "74"]
[EventDate "2018.??.??"]

1. e4 e5 2. Nf3 Nc6 3. c3 Nf6 4. d4 exd4 5. e5 Qe7 6. cxd4 Ng4 7. Be2 d6 8. O-O
dxe5 9. Nxe5 Ncxe5 10. dxe5 Nxe5 11. Bb5+ c6 12. Re1 cxb5 13. Qd5 Be6 14. Qxb5+
Qd7 15. Qxd7+ Nxd7 16. Nc3 Bb4 17. Bf4 O-O 18. Rad1 Nf6 19. Rd4 Bc5 20. Rdd1
Ng4 21. Bg3 Rad8 22. Ne4 Rxd1 23. Rxd1 Bb6 24. b4 Rd8 25. Rc1 Bf5 26. Nc5 Bxc5
27. bxc5 Rc8 28. h3 Nf6 29. a4 Bd7 30. Be5 Ne4 31. g4 f6 32. Bd4 Nd2 33. Be3
Nf3+ 34. Kg2 Ne5 35. Kg3 Bc6 36. Rd1 Nc4 37. Bd4 Na5 0-1

[Event "FICS rated lightning game"]
[Site "FICS freechess.org"]
[Date "2018.01.08"]
[Round "?"]
[White "kungzeb"]
[Black "rossoscuro"]
[Result "1-0"]
[WhiteElo "1845"]
[BlackElo "1953"]
[PlyCount "115"]
[EventDate "2018.??.??"]

1. e4 e5 2. Nf3 Nc6 3. c3 d6 4. d4 Bg4 5. Bb5 Bxf3 6. Qxf3 exd4 7. cxd4 Qe7 8.
d5 Nf6 9. dxc6 b6 10. O-O Qe5 11. Nc3 Be7 12. Bf4 Qc5 13. Rac1 O-O 14. Ba4 b5
15. Nd5 Qd4 16. Nxe7+ Kh8 17. Bxb5 a6 18. Be2 Qxb2 19. Qc3 Qxa2 20. Bg5 Qe6 21.
Bxf6 gxf6 22. Nd5 Rae8 23. Nxf6 Re7 24. Nd7+ Kg8 25. Nf6+ Kh8 26. Nd7+ Kg8 27.
Nxf8 Kxf8 28. Bc4 Qg6 29. Qh8+ Qg8 30. Qxg8+ Kxg8 31. Rb1 Kg7 32. Bd5 Kf6 33.
Ra1 Ke5 34. Rxa6 f6 35. f3 Rg7 36. Rfa1 Kf4 37. Ra7 Ke3 38. Rb7 h5 39. Raa7 h4
40. h3 Rg6 41. Rxc7 Rg5 42. Re7 Rg8 43. c7 Rc8 44. Re8 Rxe8 45. Be6 Rxe6 46.
c8=Q d5 47. Qc3+ Kf4 48. Qd2+ Kg3 49. exd5 Re1+ 50. Qxe1+ Kf4 51. Ra4+ Kg5 52.
Qe4 f5 53. Qxh4+ Kg6 54. g4 Kf7 55. gxf5 Ke8 56. Qh6 Kd7 57. Ra7+ Kc8 58. Qh8#
{Black checkmated} 1-0

[Event "FICS rated blitz game"]
[Site "FICS freechess.org"]
[Date "2018.01.08"]
[Round "?"]
[White "arju"]
[Black "MERCADONA"]
[Result "1-0"]
[WhiteElo "1646"]
[BlackElo "1718"]
[PlyCount "69"]
[EventDate "2018.??.??"]
[EventType "blitz"]

1. e4 e5 2. Nf3 Nc6 3. c3 d5 4. exd5 Qxd5 5. d3 Nf6 6. Be2 Bd6 7. O-O O-O 8.
Bg5 Be7 9. Nbd2 Bf5 10. Nb3 Rad8 11. Ne1 e4 12. d4 Bg6 13. h3 Qxg5 14. Nc2 Nh5
15. Ne3 Nf4 16. g3 Nxe2+ 17. Qxe2 Bh5 18. g4 Bg6 19. Ng2 h5 20. f3 hxg4 21.
fxg4 Bd6 22. h4 Qe7 23. h5 Bh7 24. Ne3 Qh4 25. Qg2 Ne7 26. Nd2 c5 27. d5 Qg5
28. Ndc4 Nxd5 29. Nxd5 Qxd5 30. Nxd6 Qxd6 31. Rad1 Qe5 32. Rde1 e3 33. g5 Bd3
34. Rf3 e2 35. Rg3 1-0

[Event "FICS rated lightning game"]
[Site "FICS freechess.org"]
[Date "2018.01.08"]
[Round "?"]
[White "Invited"]
[Black "ripples"]
[Result "1-0"]
[WhiteElo "1705"]
[BlackElo "1683"]
[PlyCount "61"]
[EventDate "2018.??.??"]

1. e4 e5 2. Nf3 Nc6 3. c3 Bc5 4. d4 exd4 5. cxd4 Bb4+ 6. Nc3 d6 7. h3 Nge7 8.
d5 Ne5 9. Qa4+ Bd7 10. Qxb4 Nxf3+ 11. gxf3 b6 12. Be3 a5 13. Qd4 f6 14. Rg1 g5
15. Qxf6 h6 16. Qxh8+ Kf7 17. Qxh6 Qf8 18. Qxg5 Ke8 19. Bd4 Kd8 20. Be2 Kc8 21.
a4 Kb7 22. Nb5 Bxb5 23. Bxb5 Qxf3 24. Qxe7 Rc8 25. Bc6+ Kb8 26. Bxb6 Qxh3 27.
Rg7 Qh1+ 28. Ke2 Qxa1 29. Bxc7+ Ka7 30. Bxa5+ Ka6 31. Qa7# {Black checkmated}
1-0

[Event "FICS rated blitz game"]
[Site "FICS freechess.org"]
[Date "2018.01.08"]
[Round "?"]
[White "Jephtah"]
[Black "orlistat"]
[Result "1-0"]
[WhiteElo "1500"]
[BlackElo "1482"]
[PlyCount "75"]
[EventDate "2018.??.??"]
[EventType "blitz"]

1. e4 e5 2. Nf3 Nc6 3. c3 Nf6 4. d4 exd4 5. e5 Qe7 6. cxd4 d5 7. Bb5 Bg4 8. Qa4
Qb4+ 9. Qxb4 Bxb4+ 10. Nc3 Bxf3 11. gxf3 Nh5 12. a3 Ba5 13. b4 Bb6 14. Nxd5
O-O-O 15. Bxc6 Bxd4 16. Ne7+ Kb8 17. Rb1 Bxe5 18. Be4 Rhe8 19. Nf5 Bc3+ 20. Kf1
Rd1+ 21. Kg2 Nf4+ 22. Bxf4 Rxh1 23. Rxh1 g6 24. Ne3 f5 25. Bd5 Kc8 26. Rc1 c6
27. Rxc3 Kd7 28. Bf7 Rf8 29. Bc4 b5 30. Bb3 Rh8 31. Rd3+ Kc8 32. Be6+ Kb7 33.
Rd7+ Ka8 34. Rc7 h6 35. Rxc6 g5 36. Bd6 f4 37. Bd5 a5 38. Ra6# {Black
checkmated} 1-0

[Event "FICS rated blitz game"]
[Site "FICS freechess.org"]
[Date "2018.01.08"]
[Round "?"]
[White "skinnybenny"]
[Black "arvarA"]
[Result "0-1"]
[WhiteElo "1311"]
[BlackElo "1459"]
[PlyCount "44"]
[EventDate "2018.??.??"]
[EventType "blitz"]

1. e4 e5 2. Nf3 Nc6 3. c3 Nf6 4. Qc2 d5 5. exd5 Nxd5 6. Bc4 Be6 7. O-O Be7 8.
d4 exd4 9. Nxd4 Nxd4 10. cxd4 O-O 11. Bd3 h6 12. f4 Nb4 13. Qd1 Qxd4+ 14. Kh1
Qxd3 15. Qxd3 Nxd3 16. Nc3 Nxc1 17. Raxc1 c6 18. f5 Bc4 19. Rf4 Bg5 20. Rxc4
Bxc1 21. Ne4 Bxb2 22. Nd6 Rad8 {White resigns} 0-1

[Event "FICS rated blitz game"]
[Site "FICS freechess.org"]
[Date "2018.01.08"]
[Round "?"]
[White "proximab"]
[Black "Odys"]
[Result "1-0"]
[WhiteElo "1965"]
[BlackElo "2006"]
[PlyCount "73"]
[EventDate "2018.??.??"]
[EventType "blitz"]

1. e4 e5 2. Nf3 Nc6 3. c3 d5 4. Qa4 f6 5. Bb5 Nge7 6. exd5 Qxd5 7. d4 exd4 8.
cxd4 Bd7 9. O-O a6 10. Nc3 Qh5 11. Be2 O-O-O 12. Qc4 Bg4 13. h3 Bxf3 14. Bxf3
Qh4 15. Qe6+ Kb8 16. Bxc6 Nxc6 17. d5 Nd4 18. Qf7 Bd6 19. Qxg7 Rhg8 20. Qh6
Qxh6 21. Bxh6 Bb4 22. Ne4 Rg6 23. Be3 Nc2 24. Rac1 Nxe3 25. fxe3 Rxd5 26. Rxf6
Rxf6 27. Nxf6 Rd2 28. a3 Bd6 29. Rb1 Be5 30. Nxh7 Bxb2 31. a4 b5 32. axb5 axb5
33. Ng5 c5 34. Ne4 Rc2 35. Nxc5 Kc7 36. Nd3 Rd2 37. Nxb2 {Black resigns} 1-0

[Event "FICS rated blitz game"]
[Site "FICS freechess.org"]
[Date "2018.01.08"]
[Round "?"]
[White "morts"]
[Black "aguisou"]
[Result "0-1"]
[WhiteElo "1081"]
[BlackElo "1129"]
[PlyCount "74"]
[EventDate "2018.??.??"]
[EventType "blitz"]

1. e4 e5 2. Nf3 Nc6 3. c3 Nf6 4. d3 a6 5. Bg5 Be7 6. h4 h6 7. Be3 d5 8. Nfd2 d4
9. cxd4 exd4 10. Bf4 Bd6 11. Bxd6 Qxd6 12. g3 Ne5 13. Bg2 Nxd3+ 14. Kf1 Ng4 15.
Nf3 Ndxf2 16. Qa4+ b5 17. Qb3 Nxh1 18. Bxh1 Ne3+ 19. Kf2 Bg4 20. e5 Qc6 21.
Nbd2 O-O 22. Nxd4 Qg6 23. Qxe3 Rad8 24. N2f3 Bxf3 25. Bxf3 f6 26. Qb3+ Kh8 27.
Ne6 fxe5 28. Nxf8 Rxf8 29. Qb4 Qc2+ 30. Kg1 Rxf3 31. Qe7 Rxg3+ 32. Kh1 Rh3+ 33.
Kg1 Qh2+ 34. Kf1 Qh1+ 35. Ke2 Qf3+ 36. Kd2 Rh2+ 37. Kc1 Qf1# {White checkmated}
0-1

[Event "FICS rated blitz game"]
[Site "FICS freechess.org"]
[Date "2018.01.08"]
[Round "?"]
[White "kiknit"]
[Black "javelinos"]
[Result "1-0"]
[WhiteElo "1419"]
[BlackElo "1444"]
[PlyCount "93"]
[EventDate "2018.??.??"]
[EventType "blitz"]

1. e4 e5 2. Nf3 Nc6 3. c3 Nf6 4. Bc4 Nxe4 5. d3 d5 6. Bb3 Nxf2 7. Kxf2 Bc5+ 8.
d4 exd4 9. cxd4 Bb6 10. Re1+ Be6 11. Ng5 Qf6+ 12. Kg1 Bxd4+ 13. Kh1 O-O-O 14.
Nxe6 fxe6 15. Nc3 Rhf8 16. Be3 Bxe3 17. Rxe3 d4 18. Rf3 Qh4 19. Bxe6+ Kb8 20.
Nd5 Rxf3 21. Qxf3 Ne5 22. Qa3 Ng4 23. Bxg4 Qxg4 24. Rc1 c6 25. Ne7 Re8 26. Qd6+
Ka8 27. Re1 Qh4 28. g3 Qg5 29. Qxd4 a5 30. Qd7 Rf8 31. Nc8 Qd5+ 32. Qxd5 cxd5
33. Nb6+ Ka7 34. Nxd5 Rf2 35. b4 axb4 36. Nxb4 Rb2 37. Re8 Rxb4 38. Re7 g5 39.
Rxh7 g4 40. Rg7 Ka6 41. Kg2 b5 42. Rg6+ Ka5 43. a3 Rb2+ 44. Kf1 Rxh2 45. Rxg4
Ra2 46. Rb4 Rxa3 47. Rb1 1-0

[Event "FICS rated blitz game"]
[Site "FICS freechess.org"]
[Date "2018.01.08"]
[Round "?"]
[White "LVVO"]
[Black "Lostbishop"]
[Result "1-0"]
[WhiteElo "1431"]
[BlackElo "1414"]
[PlyCount "43"]
[EventDate "2018.??.??"]
[EventType "blitz"]

1. e4 e5 2. Nf3 Nc6 3. c3 Nf6 4. Bb5 Bc5 5. Bxc6 dxc6 6. O-O O-O 7. d4 exd4 8.
cxd4 Bb6 9. Bg5 Bg4 10. e5 Bxd4 11. exf6 Bxb2 12. fxg7 Qxd1 13. gxf8=Q+ Rxf8
14. Rxd1 Bxa1 15. Nbd2 Bc3 16. h3 Be6 17. Ne4 Bg7 18. a3 b6 19. Nf6+ Kh8 20.
Nh5 Bb2 21. Bc1 Ba1 22. Bh6 {Black resigns} 1-0

[Event "FICS rated standard game"]
[Site "FICS freechess.org"]
[Date "2018.01.08"]
[Round "?"]
[White "FyFazan"]
[Black "KwasnyMocarz"]
[Result "0-1"]
[WhiteElo "1638"]
[BlackElo "1565"]
[PlyCount "70"]
[EventDate "2018.??.??"]

1. e4 e5 2. Nf3 Nc6 3. c3 Nf6 4. d3 Be7 5. Be2 b6 6. Be3 Bb7 7. Nbd2 d6 8. d4
exd4 9. Nxd4 Nxd4 10. Bxd4 c5 11. Bxf6 Bxf6 12. Bf3 O-O 13. O-O b5 14. Re1 Be5
15. a4 bxa4 16. Rxa4 Qh4 17. g3 Qd8 18. Nc4 Bc6 19. Ra1 Re8 20. Na5 Bd7 21. Nb7
Qb6 22. Na5 Qxb2 23. Nc4 Qxc3 24. Be2 Qxa1 25. Qxa1 Bxa1 26. Rxa1 Rxe4 27. Bf1
a6 28. Nxd6 Re6 29. Bg2 Rb8 30. Rxa6 Rb1+ 31. Bf1 g6 32. Kg2 Rd1 33. Ra8+ Kg7
34. Nc4 Bc6+ 35. f3 Bxa8 {White resigns} 0-1

[Event "FICS rated blitz game"]
[Site "FICS freechess.org"]
[Date "2018.01.08"]
[Round "?"]
[White "zbobi"]
[Black "doctrpain"]
[Result "0-1"]
[WhiteElo "1512"]
[BlackElo "1508"]
[PlyCount "58"]
[EventDate "2018.??.??"]
[EventType "blitz"]

1. e4 e5 2. Nf3 Nc6 3. c3 Bc5 4. Bc4 d6 5. Qb3 Qe7 6. O-O Nf6 7. d3 Na5 8. Qa4+
Nc6 9. Bb5 Bd7 10. Bg5 a6 11. Bxc6 Bxc6 12. Qd1 h6 13. Bxf6 Qxf6 14. b4 Bb6 15.
Nbd2 Bd7 16. Nc4 Ba7 17. d4 exd4 18. cxd4 Bb5 19. Rc1 O-O 20. e5 dxe5 21. Nfxe5
Rfd8 22. Re1 Bxd4 23. Qh5 Bxc4 24. Nxc4 Bxf2+ 25. Kh1 Bxe1 26. Rxe1 Rd7 27. Ne5
Re7 28. Nf3 Rxe1+ 29. Nxe1 Qf1# {White checkmated} 0-1

[Event "FICS rated blitz game"]
[Site "FICS freechess.org"]
[Date "2018.01.08"]
[Round "?"]
[White "HotCarl"]
[Black "ulixekos"]
[Result "0-1"]
[WhiteElo "1416"]
[BlackElo "1251"]
[PlyCount "61"]
[EventDate "2018.??.??"]
[EventType "blitz"]

1. e4 e5 2. Nf3 Nc6 3. c3 d6 4. d4 h6 5. Bb5 Bd7 6. d5 Nb8 7. Be2 Nf6 8. Nbd2
Be7 9. b4 Bg4 10. Bb2 Nbd7 11. O-O O-O 12. h3 Bh5 13. Nh2 Bg6 14. f4 Nxe4 15.
f5 Nxd2 16. Qxd2 Bg5 17. Qd3 Bh7 18. Bh5 Qe8 19. Qe4 Nf6 20. Qf3 e4 21. Qe2 e3
22. c4 Ne4 23. Nf3 Ng3 24. Qd3 Nxf1 25. Rxf1 e2 26. Re1 Qa4 27. Nxg5 hxg5 28.
Bxe2 Qxb4 29. Qd4 Qxe1+ 30. Kh2 f6 31. Bh5 {White resigns} 0-1

[Event "FICS rated blitz game"]
[Site "FICS freechess.org"]
[Date "2018.01.08"]
[Round "?"]
[White "GriffySr"]
[Black "Bensamuel"]
[Result "1-0"]
[WhiteElo "1995"]
[BlackElo "1117"]
[PlyCount "47"]
[EventDate "2018.??.??"]
[EventType "blitz"]

1. e4 e5 2. Nf3 Nc6 3. c3 Nf6 4. d4 exd4 5. e5 Nd5 6. cxd4 Bb4+ 7. Bd2 d6 8.
Nc3 Nxc3 9. bxc3 Ba5 10. Bc4 dxe5 11. Ng5 O-O 12. Qh5 h6 13. Nxf7 Rxf7 14.
Qxf7+ Kh8 15. d5 Ne7 16. O-O Bf5 17. Rfe1 e4 18. Rab1 e3 19. fxe3 Bxb1 20. Rxb1
c5 21. Rxb7 Rb8 22. Rxe7 Rb1+ 23. Bf1 Rb2 24. Qxg7# {Black checkmated} 1-0

[Event "FICS rated standard game"]
[Site "FICS freechess.org"]
[Date "2018.01.08"]
[Round "?"]
[White "chippops"]
[Black "fumblenut"]
[Result "1-0"]
[WhiteElo "1390"]
[BlackElo "1450"]
[PlyCount "113"]
[EventDate "2018.??.??"]

1. e4 e5 2. Nf3 Nc6 3. c3 Nf6 4. d3 d5 5. exd5 Nxd5 6. Qe2 Be7 7. Nxe5 Nxe5 8.
Qxe5 Be6 9. Qxg7 Bf6 10. Qh6 Qe7 11. Qd2 Bf5+ 12. Qe2 Be5 13. d4 Nf4 14. Qxe5
Qxe5+ 15. dxe5 O-O-O 16. g3 Nd5 17. Bg5 Rdg8 18. h4 h6 19. Bf6 Rh7 20. Bh3 Bxh3
21. Rxh3 Re8 22. f4 Nxf6 23. Rh2 Ne4 24. Rg2 f5 25. Nd2 Nc5 26. O-O-O Nd3+ 27.
Kc2 Rd7 28. Nc4 Rd5 29. Rxd3 Rxd3 30. Kxd3 Rd8+ 31. Kc2 b5 32. Ne3 a5 33. Nxf5
h5 34. Rd2 Rf8 35. Ne7+ Kb7 36. Nd5 Rg8 37. Rd3 c6 38. Nf6 Rc8 39. Nxh5 c5 40.
b3 b4 41. c4 a4 42. bxa4 Ka8 43. Ng7 Rb8 44. h5 Ka7 45. h6 Ka6 46. h7 Ka5 47.
e6 Kxa4 48. f5 Rh8 49. f6 Rxh7 50. e7 Rh2+ 51. Rd2 Rxd2+ 52. Kxd2 Ka3 53. e8=Q
Kxa2 54. Qa8+ Kb3 55. Qa1 Kxc4 56. f7 b3 57. f8=Q {Black resigns} 1-0

[Event "FICS rated standard game"]
[Site "FICS freechess.org"]
[Date "2018.01.08"]
[Round "?"]
[White "mesli"]
[Black "yermishin"]
[Result "0-1"]
[WhiteElo "1735"]
[BlackElo "1968"]
[PlyCount "66"]
[EventDate "2018.??.??"]

1. e4 e5 2. Nf3 Nc6 3. c3 Nf6 4. Qc2 Bc5 5. a4 a5 6. h3 d5 7. exd5 Qxd5 8. Na3
e4 9. Bc4 Qf5 10. Nb5 Bxf2+ 11. Kxf2 e3+ 12. dxe3 Qxc2+ 13. Kg3 O-O 14. Nxc7
Rb8 15. Nb5 Ne4+ 16. Kh2 Qf2 17. Nbd4 Qg3+ 18. Kg1 Nf2 19. Rh2 Nxh3+ 20. Kh1
Nf2+ 21. Kg1 Ng4 22. Bd2 Nxh2 23. Nxh2 Bh3 24. Bf1 Rfe8 25. Ne2 Qg5 26. Nf3 Qf5
27. Nf4 Bg4 28. Bd3 Qd7 29. Ng5 h6 30. Nf3 Bxf3 31. gxf3 g5 32. Nh5 Qxd3 33.
Nf6+ Kf8 {White resigns} 0-1

[Event "FICS rated blitz game"]
[Site "FICS freechess.org"]
[Date "2018.01.08"]
[Round "?"]
[White "kiknit"]
[Black "sivusic"]
[Result "0-1"]
[WhiteElo "1424"]
[BlackElo "1540"]
[PlyCount "68"]
[EventDate "2018.??.??"]
[EventType "blitz"]

1. e4 e5 2. Nf3 Nc6 3. c3 d5 4. exd5 Qxd5 5. Be2 e4 6. Nd4 Nxd4 7. cxd4 Qxd4 8.
O-O Bd6 9. Nc3 Qe5 10. g3 Bh3 11. Re1 O-O-O 12. d4 exd3 13. Bxd3 Qc5 14. Ne4
Qb6 15. Nxd6+ Qxd6 16. Bf4 Qxd3 17. Qc1 c6 18. b3 Nf6 19. Qc5 Qb5 20. Qxa7 Qa6
21. Qb8+ Kd7 22. Rad1+ Nd5 23. Qd6+ Kc8 24. a4 Rxd6 25. Bxd6 Rd8 26. Bf4 Bg4
27. Rd4 f5 28. Bg5 Rd7 29. Re8+ Kc7 30. Bf4+ Kb6 31. Be3 Bh3 32. Rxd5+ Kc7 33.
Bf4+ Kb6 34. Rxd7 Qf1# {White checkmated} 0-1

[Event "FICS rated blitz game"]
[Site "FICS freechess.org"]
[Date "2018.01.08"]
[Round "?"]
[White "fabiandezso"]
[Black "Kalaharie"]
[Result "0-1"]
[WhiteElo "1449"]
[BlackElo "1280"]
[PlyCount "84"]
[EventDate "2018.??.??"]
[EventType "blitz"]

1. e4 Nc6 2. Nf3 e5 3. c3 Bc5 4. d4 exd4 5. cxd4 Bb6 6. Be3 d5 7. e5 Be6 8. Bb5
Qd7 9. O-O a6 10. Ba4 Qe7 11. Bg5 f6 12. exf6 Nxf6 13. Re1 O-O 14. Bxc6 bxc6
15. Ne5 Qd6 16. f4 Ne4 17. Nc3 Bf5 18. g4 Nxc3 19. bxc3 Be4 20. Rxe4 dxe4 21.
Qb3+ Kh8 22. Nf7+ Rxf7 23. Qxf7 Rf8 24. Qc4 Qd5 25. Qxa6 e3 26. Qe2 Re8 27. f5
Qe4 28. Rf1 Rf8 29. f6 gxf6 30. Bxf6+ Kg8 31. Be5 Rxf1+ 32. Qxf1 Qxg4+ 33. Qg2
Qxg2+ 34. Kxg2 c5 35. Kf3 cxd4 36. Bxd4 Bxd4 37. cxd4 Kg7 38. Kxe3 Kf6 39. a4
Ke6 40. Ke4 Kd6 41. d5 Kc5 42. Ke5 Kb4 0-1

[Event "FICS rated blitz game"]
[Site "FICS freechess.org"]
[Date "2018.01.08"]
[Round "?"]
[White "Calx"]
[Black "cazadortitan"]
[Result "1-0"]
[WhiteElo "1585"]
[BlackElo "1678"]
[PlyCount "47"]
[EventDate "2018.??.??"]
[EventType "blitz"]

1. e4 Nc6 2. Nf3 e5 3. c3 Nf6 4. Bc4 Bc5 5. b4 Bb6 6. d3 O-O 7. O-O d6 8. Bg5
Be6 9. Nbd2 h6 10. Bh4 g5 11. Bg3 a6 12. a4 Bxc4 13. dxc4 Ne7 14. a5 Ba7 15.
Re1 Ng6 16. Nf1 Nh5 17. Ne3 Nxg3 18. hxg3 Qe7 19. Nf5 Qe6 20. Nxh6+ Kh7 21. Nf5
Qxc4 22. Nxg5+ Kg8 23. Qh5 Bxf2+ 24. Kxf2 {Black resigns} 1-0

[Event "FICS rated blitz game"]
[Site "FICS freechess.org"]
[Date "2018.01.08"]
[Round "?"]
[White "fabiuscu"]
[Black "terryzex"]
[Result "0-1"]
[WhiteElo "1108"]
[BlackElo "1167"]
[PlyCount "44"]
[EventDate "2018.??.??"]
[EventType "blitz"]

1. e4 e5 2. Nf3 Nc6 3. c3 d6 4. d4 exd4 5. Nxd4 Nf6 6. Nxc6 bxc6 7. Nd2 g6 8.
f3 Bg7 9. g4 O-O 10. h4 d5 11. e5 Nd7 12. f4 Re8 13. Nf3 Nc5 14. Be3 Ne4 15.
Bd4 Bxg4 16. Bd3 c5 17. Rf1 cxd4 18. cxd4 Bxf3 19. Rxf3 Qxh4+ 20. Ke2 Qh2+ 21.
Ke3 Bh6 22. Qf1 Qd2# {White checkmated} 0-1

[Event "FICS rated blitz game"]
[Site "FICS freechess.org"]
[Date "2018.01.08"]
[Round "?"]
[White "mougly"]
[Black "AXTbIPKA"]
[Result "0-1"]
[WhiteElo "1376"]
[BlackElo "1642"]
[PlyCount "86"]
[EventDate "2018.??.??"]
[EventType "blitz"]

1. e4 e5 2. Nf3 Nc6 3. c3 Nf6 4. d3 h6 5. Be2 Bc5 6. O-O O-O 7. b4 Bd6 8. a3
Re8 9. c4 a6 10. c5 Bf8 11. Nc3 d6 12. d4 exd4 13. Nxd4 Nxe4 14. Nxe4 Rxe4 15.
Nxc6 bxc6 16. cxd6 Qxd6 17. Qxd6 cxd6 18. Bf3 Rc4 19. Bb2 d5 20. Rac1 Rxc1 21.
Rxc1 Bd7 22. Bd4 f6 23. h3 Bd6 24. h4 Kf7 25. g3 Be5 26. Bc5 g6 27. Rd1 Ke6 28.
Kg2 h5 29. g4 hxg4 30. Bxg4+ f5 31. Be2 Rh8 32. Rh1 Bd6 33. Bxa6 Bxc5 34. bxc5
Ra8 35. Be2 Rxa3 36. h5 g5 37. h6 Ra8 38. h7 Rh8 39. Kg3 Kf7 40. f4 g4 41. Rh6
Kg7 42. Rd6 Be8 43. Bd3 Rf8 0-1

[Event "FICS rated blitz game"]
[Site "FICS freechess.org"]
[Date "2018.01.08"]
[Round "?"]
[White "lopencjo"]
[Black "doktorhansen"]
[Result "0-1"]
[WhiteElo "1877"]
[BlackElo "1771"]
[PlyCount "122"]
[EventDate "2018.??.??"]
[EventType "blitz"]

1. e4 e5 2. Nf3 Nc6 3. c3 d5 4. Bb5 dxe4 5. Nxe5 Qd6 6. Qa4 Bd7 7. Nxd7 Kxd7 8.
Bxc6+ Qxc6 9. Qxc6+ Kxc6 10. O-O Nf6 11. f3 Bc5+ 12. Kh1 Rae8 13. Na3 Bxa3 14.
bxa3 exf3 15. gxf3 Re2 16. d4 Rhe8 17. Bf4 Nh5 18. Be5 f6 19. Bg3 Nxg3+ 20.
hxg3 Rc2 21. Rfc1 Ree2 22. Rxc2 Rxc2 23. Re1 Kd7 24. Re3 Rxa2 25. c4 Rc2 26. c5
Rd2 27. Re4 Rd3 28. Kg2 Rxa3 29. Rg4 g6 30. Rh4 h5 31. g4 hxg4 32. fxg4 Rd3 33.
Rh6 Rxd4 34. Rxg6 a5 35. Kf3 a4 36. Rxf6 a3 37. Ke3 Rxg4 38. Kd3 Ra4 39. Rf1 a2
40. Ra1 Kc6 41. Kc3 Kxc5 42. Kb3 Ra6 43. Kc3 b5 44. Kb3 Kb6 45. Kb4 c5+ 46. Kb3
c4+ 47. Kb2 b4 48. Kc2 c3 49. Kb3 Kb5 50. Rxa2 Rxa2 51. Kxa2 Kc4 52. Kb1 b3 53.
Kc1 Kd3 54. Kb1 Kd2 55. Ka1 c2 56. Kb2 c1=Q+ 57. Kxb3 Qc5 58. Ka4 Qb6 59. Ka3
Qb5 60. Ka2 Kc2 61. Ka3 Qb3# {White checkmated} 0-1

[Event "FICS rated blitz game"]
[Site "FICS freechess.org"]
[Date "2018.01.08"]
[Round "?"]
[White "bobbydaffy"]
[Black "ReallyBadPlayer"]
[Result "0-1"]
[WhiteElo "1391"]
[BlackElo "1329"]
[PlyCount "40"]
[EventDate "2018.??.??"]
[EventType "blitz"]

1. e4 e5 2. Nf3 Nc6 3. c3 Nf6 4. d4 exd4 5. e5 Nd5 6. cxd4 Bb4+ 7. Bd2 O-O 8.
Bc4 Bxd2+ 9. Nbxd2 Nb6 10. Bd3 d5 11. O-O Bg4 12. Qc2 Nb4 13. Bxh7+ Kh8 14. Qb3
a5 15. a3 Nc6 16. Bd3 a4 17. Qc2 Na5 18. h4 Nb3 19. Ng5 Nxa1 20. Be2 Nxc2 {
White resigns} 0-1

[Event "FICS rated blitz game"]
[Site "FICS freechess.org"]
[Date "2018.01.08"]
[Round "?"]
[White "JFive"]
[Black "Ooit"]
[Result "0-1"]
[WhiteElo "1352"]
[BlackElo "1263"]
[PlyCount "30"]
[EventDate "2018.??.??"]
[EventType "blitz"]

1. e4 e5 2. Nf3 Nc6 3. c3 d5 4. d4 dxe4 5. Nxe5 Nxe5 6. dxe5 Qxd1+ 7. Kxd1 Bc5
8. f3 f5 9. fxe4 fxe4 10. Nd2 Bf5 11. Be2 O-O-O 12. g4 Bg6 13. Rf1 e3 14. Rf7
exd2 15. Bxd2 Be3 {White resigns} 0-1

[Event "FICS rated blitz game"]
[Site "FICS freechess.org"]
[Date "2018.01.08"]
[Round "?"]
[White "NicolausSilver"]
[Black "Carolin"]
[Result "1-0"]
[WhiteElo "1326"]
[BlackElo "1292"]
[PlyCount "41"]
[EventDate "2018.??.??"]
[EventType "blitz"]

1. e4 e5 2. Nf3 Nc6 3. c3 d6 4. b4 a6 5. Bc4 f6 6. Bxg8 Rxg8 7. O-O Bg4 8. d3
Be7 9. Qb3 Rf8 10. Nbd2 f5 11. exf5 Rxf5 12. a4 Bg5 13. h3 Bxd2 14. hxg4 Rxf3
15. gxf3 Bf4 16. Bxf4 exf4 17. b5 Ne5 18. Rfe1 Kd7 19. Kg2 h5 20. d4 Nd3 21.
Qe6# {Black checkmated} 1-0